000 00391nam a2200169Ia 4500
999 _c31787
_d31787
003 OSt
005 20250616111251.0
008 250310s9999||||xx |||||||||||||| ||und||
020 _a0 09 929680 2
040 _c.
082 _a823
_bP994
100 _95995
_aPuzo, Mario
245 0 _aOmerta /
_cMario Puzo
260 _aLondon :
_bArrow books,
_c2001.
300 _a410 p.
942 _cBK
_2ddc